[Event "White Nights Open 2006"]
[Site "St. Petersburg RUS"]
[Date "2006.06.27"]
[Round "5.20"]
[White "Nikologorskiy, Konstantin"]
[Black "Yankovsky, Roman"]
[Result "0-1"]
[WhiteElo "1946"]
[BlackElo "2199"]
[PlyCount "80"]
[EventDate "2006.06.22"]
[EventType "swiss"]
[EventRounds "9"]
[EventCountry "RUS"]
[Source "lmi"]
[SourceDate "2006.06.29"]

1. c4 Nf6 2. Nc3 c5 3. g3 Nc6 4. Bg2 g6 5. Nf3 Bg7 6. O-O O-O 7. d4 cxd4 8.
Nxd4 d6 9. Nb3 Be6 10. Nd5 Ne5 11. Nxf6+ Bxf6 12. Bxb7 Rb8 13. Bd5 Bh3 14. f4
Ng4 15. Re1 Qb6+ 16. e3 Rfc8 17. Nd4 e5 18. Nb5 exf4 19. Bxf7+ Kxf7 20. Nxd6+
Kf8 21. Nxc8 Rxc8 22. gxf4 Bh4 23. Re2 Rxc4 24. Qb3 Rb4 25. Qa3 Be7 26. Qc3 Nf6
27. Rf2 Kg8 28. a3 Qe6 29. Qd2 Ne4 30. Qe2 Rc4 31. b3 Rc8 32. Bb2 Nxf2 33. Qxf2
Qxb3 34. Re1 Rc2 35. Re2 Rxb2 36. Qe1 Rxe2 37. Qxe2 Qb1+ 38. Kf2 Bh4+ 39. Kf3
Qh1+ 40. Qg2 Qxg2# 0-1

[Event "White Nights Open 2006"]
[Site "St. Petersburg RUS"]
[Date "2006.06.27"]
[Round "5.21"]
[White "Goganov, Aleksey"]
[Black "Sichinava, Zviad"]
[Result "1-0"]
[WhiteElo "2175"]
[BlackElo "2021"]
[PlyCount "95"]
[EventDate "2006.06.22"]
[EventType "swiss"]
[EventRounds "9"]
[EventCountry "RUS"]
[Source "lmi"]
[SourceDate "2006.06.29"]

1. e4 c5 2. Nf3 Nc6 3. d4 cxd4 4. Nxd4 g6 5. c4 Bg7 6. Be3 Nf6 7. Nc3 Ng4 8.
Qxg4 Nxd4 9. Qd1 Ne6 10. Qd2 Qa5 11. Rc1 b6 12. Be2 Bb7 13. f3 g5 14. O-O Be5
15. Rfd1 d6 16. a3 Rg8 17. Nd5 Qxd2 18. Rxd2 Rc8 19. b4 Ba6 20. a4 f6 21. Kf2
Kf7 22. g3 Bb7 23. f4 gxf4 24. gxf4 Bxd5 25. Bh5+ Kg7 26. fxe5 Bxe4 27. exd6
Rgd8 28. Rcd1 Bg6 29. Bf3 Kf7 30. dxe7 Rxd2+ 31. Rxd2 Rxc4 32. e8=Q+ Kxe8 33.
Bd5 Rxb4 34. Bxe6 Ke7 35. Bd7 Rc4 36. Bb5 Rc2 37. Rxc2 Bxc2 38. Bf4 a6 39. Bc6
b5 40. a5 b4 41. Ke3 b3 42. Kd2 Ke6 43. Kc3 Kf5 44. Bc7 Bd1 45. Bb7 Be2 46.
Kxb3 Kg4 47. Kb4 f5 48. Kc5 1-0

[Event "White Nights Open 2006"]
[Site "St. Petersburg RUS"]
[Date "2006.06.27"]
[Round "5.22"]
[White "Nester, Ihor"]
[Black "Nikolaev, Yury"]
[Result "1-0"]
[WhiteElo "2417"]
[BlackElo "2110"]
[PlyCount "61"]
[EventDate "2006.06.22"]
[EventType "swiss"]
[EventRounds "9"]
[EventCountry "RUS"]
[Source "lmi"]
[SourceDate "2006.06.29"]

1. Nf3 Nf6 2. c4 c5 3. Nc3 Nc6 4. d4 cxd4 5. Nxd4 e6 6. a3 Be7 7. e4 O-O 8. Nf3
b6 9. Be2 Bb7 10. Bf4 d6 11. O-O Ng4 12. Nd2 Nge5 13. Be3 Bf6 14. Rc1 g5 15. b4
Kh8 16. Nb3 Ne7 17. Qd2 Rg8 18. Rfd1 d5 19. cxd5 exd5 20. exd5 Nf5 21. Ne4 Nxe3
22. Qxe3 Be7 23. Qd4 f6 24. Ng3 Re8 25. d6 Bf8 26. Rc7 Bc8 27. Bh5 Re6 28. Qe4
Nf3+ 29. Qxf3 Bxd6 30. Rc4 Rb8 31. Nd4 1-0

[Event "White Nights Open 2006"]
[Site "St. Petersburg RUS"]
[Date "2006.06.27"]
[Round "5.23"]
[White "Bogdanov, Andrei"]
[Black "Abramov, Valentin"]
[Result "0-1"]
[WhiteElo "2089"]
[BlackElo "2333"]
[PlyCount "46"]
[EventDate "2006.06.22"]
[EventType "swiss"]
[EventRounds "9"]
[EventCountry "RUS"]
[Source "lmi"]
[SourceDate "2006.06.29"]

1. e4 c5 2. Nf3 Nc6 3. Bb5 g6 4. O-O Bg7 5. Bxc6 dxc6 6. d3 Nf6 7. Nc3 O-O 8.
Be3 b6 9. h3 h6 10. Ne5 Nxe4 11. dxe4 Bxe5 12. Bxh6 Re8 13. Qxd8 Rxd8 14. Rfd1
Be6 15. a3 Bd4 16. Kf1 Rd7 17. Ke1 Rad8 18. Rd2 Kh7 19. Bf4 g5 20. Bxg5 Rg8 21.
h4 f6 22. Be3 Rxg2 23. f4 Bxc3 0-1

[Event "White Nights Open 2006"]
[Site "St. Petersburg RUS"]
[Date "2006.06.27"]
[Round "5.24"]
[White "Utkin, Vladimir"]
[Black "Fedoseev, Sergey"]
[Result "0-1"]
[WhiteElo "2075"]
[BlackElo "2316"]
[PlyCount "44"]
[EventDate "2006.06.22"]
[EventType "swiss"]
[EventRounds "9"]
[EventCountry "RUS"]
[Source "lmi"]
[SourceDate "2006.06.29"]

1. Nf3 Nf6 2. g3 g6 3. Bg2 d5 4. d4 Bg7 5. O-O O-O 6. c4 c6 7. Nc3 dxc4 8. a4
Be6 9. e4 Na6 10. Qe2 Nb4 11. Rd1 Nd3 12. Be3 Ng4 13. Ng5 Nxe3 14. fxe3 Bd7 15.
b3 e5 16. bxc4 exd4 17. Rxd3 dxc3 18. Rad1 Qxg5 19. Rxd7 Rad8 20. h4 Qa5 21.
Rxb7 Qxa4 22. Rbd7 Rxd7 0-1

[Event "White Nights Open 2006"]
[Site "St. Petersburg RUS"]
[Date "2006.06.27"]
[Round "5.25"]
[White "Nikitinyh, Boris"]
[Black "Gnidenko, Andrey"]
[Result "1-0"]
[WhiteElo "2247"]
[BlackElo "2095"]
[PlyCount "79"]
[EventDate "2006.06.22"]
[EventType "swiss"]
[EventRounds "9"]
[EventCountry "RUS"]
[Source "lmi"]
[SourceDate "2006.06.29"]

1. e4 Nf6 2. Nc3 d5 3. exd5 Nxd5 4. Bc4 c6 5. Nge2 g6 6. d4 Bg7 7. Bg5 Be6 8.
Bb3 O-O 9. Qd2 Nxc3 10. bxc3 Bd5 11. O-O b5 12. Rfe1 Re8 13. Ng3 Nd7 14. Ne4
Qb6 15. Bh6 Bh8 16. Ng5 a5 17. Qf4 Nf6 18. Re3 e6 19. Rae1 Qb7 20. Qh4 Rac8 21.
Bxd5 cxd5 22. Rf3 b4 23. Bf8 Rxc3 24. Rf4 Kxf8 25. Rxf6 Bxf6 26. Nxh7+ Kg7 27.
Nxf6 Rh8 28. Qg5 Qe7 29. Nh5+ Kf8 30. Nf6 Qd6 31. h4 Rxc2 32. g3 a4 33. h5 gxh5
34. Nxh5 Rg8 35. Qh6+ Ke7 36. Qf6+ Ke8 37. Qh6 Rg6 38. Qh8+ Ke7 39. Re5 Rxa2
40. Nf4 1-0

[Event "White Nights Open 2006"]
[Site "St. Petersburg RUS"]
[Date "2006.06.27"]
[Round "5.27"]
[White "Frolochkin, Vladimir"]
[Black "Gershun, Dmitry"]
[Result "1-0"]
[WhiteElo "2200"]
[BlackElo "2039"]
[PlyCount "49"]
[EventDate "2006.06.22"]
[EventType "swiss"]
[EventRounds "9"]
[EventCountry "RUS"]
[Source "lmi"]
[SourceDate "2006.06.29"]

1. e4 c5 2. Nf3 Nc6 3. Bb5 g6 4. O-O Bg7 5. Nc3 e5 6. d3 Nge7 7. Nd5 Nxd5 8.
exd5 Nd4 9. Nxd4 cxd4 10. c4 O-O 11. b4 d6 12. Ba4 Kh8 13. Bc2 f5 14. a4 g5 15.
a5 g4 16. f4 e4 17. Ra2 e3 18. Qe2 Rf6 19. Bb3 Rh6 20. Qe1 b6 21. axb6 Qxb6 22.
Ba3 a5 23. Bb2 Bb7 24. Qa1 Qd8 25. Bxd4 1-0

[Event "White Nights Open 2006"]
[Site "St. Petersburg RUS"]
[Date "2006.06.27"]
[Round "5.28"]
[White "Maznov, Sergey"]
[Black "Nikolaev, Vadim"]
[Result "0-1"]
[WhiteElo "2064"]
[BlackElo "2186"]
[PlyCount "104"]
[EventDate "2006.06.22"]
[EventType "swiss"]
[EventRounds "9"]
[EventCountry "RUS"]
[Source "lmi"]
[SourceDate "2006.06.29"]

1. d4 Nf6 2. c3 b6 3. Bf4 Bb7 4. e3 g6 5. Nf3 Bg7 6. Nbd2 O-O 7. Bd3 d6 8. O-O
Nh5 9. Bg5 h6 10. Bh4 Qe8 11. c4 e5 12. g4 e4 13. Bxe4 Bxe4 14. Nxe4 Qxe4 15.
gxh5 Qg4+ 16. Bg3 Qxh5 17. Ne1 Qh3 18. Qf3 Nd7 19. Nd3 g5 20. Qg2 Qe6 21. Rac1
c5 22. Qd5 cxd4 23. exd4 Qxd5 24. cxd5 Bxd4 25. Bxd6 Rfe8 26. Rc4 Re4 27. Kh1
b5 28. Rb4 a5 29. Rxb5 Nf6 30. Bc5 Nxd5 31. Rd1 Nc7 32. Rb7 Ne6 33. f3 Rh4 34.
Bd6 Bg7 35. Ne5 Rf4 36. Kg2 Rf5 37. Nc4 Nf4+ 38. Bxf4 Rxf4 39. b3 a4 40. Rd2
axb3 41. axb3 Ra1 42. Rd8+ Kh7 43. Rdd7 Kg6 44. Rd6+ Kh5 45. h3 Ra2+ 46. Rd2
Ra1 47. Re2 Bd4 48. Nd2 Ra2 49. Rbe7 Rb2 50. Rc7 Bb6 51. Rce7 Bc5 52. Rb7 Rd4
0-1

[Event "White Nights Open 2006"]
[Site "St. Petersburg RUS"]
[Date "2006.06.27"]
[Round "5.29"]
[White "Barinova, Valerija"]
[Black "Reshetov, Valery"]
[Result "0-1"]
[WhiteElo "1957"]
[BlackElo "2164"]
[PlyCount "164"]
[EventDate "2006.06.22"]
[EventType "swiss"]
[EventRounds "9"]
[EventCountry "RUS"]
[Source "lmi"]
[SourceDate "2006.06.29"]

1. e4 e5 2. d4 exd4 3. Qxd4 Nc6 4. Qe3 Nf6 5. Nc3 Bb4 6. Bd2 O-O 7. O-O-O d6 8.
Qg3 Kh8 9. h4 Qe7 10. f3 Qe5 11. Qf2 Qa5 12. Bc4 Be6 13. Bxe6 fxe6 14. Nge2 Ng4
15. Qg3 Nge5 16. Qg5 h6 17. Qg3 Nc4 18. Bxh6 gxh6 19. Qg6 Bxc3 20. Nxc3 Qe5 21.
Qxh6+ Kg8 22. Qg6+ Qg7 23. Qxe6+ Qf7 24. Qg4+ Kh8 25. Nd5 Rg8 26. Qh3 Qg7 27.
Nc3 Nb4 28. Kb1 Qxg2 29. Qxg2 Rxg2 30. Rd4 b5 31. Nxb5 Rxc2 32. Ka1 c5 33. Rxc4
Rxc4 34. Nxd6 Rd4 35. Nb5 Rd3 36. f4 Rad8 37. Nc3 Rb8 38. a3 Nc2+ 39. Ka2 Rd2
40. f5 Ne3 41. Na4 Nd1 42. Ka1 Nxb2 43. Rb1 c4 44. Nxb2 c3 45. Na4 Rc8 46. Rc1
Rd3 47. Kb1 Re3 48. Kc2 Rxe4 49. Nxc3 Rxh4 50. Kb2 Rh2+ 51. Rc2 Rb8+ 52. Kc1
Rh1+ 53. Kd2 Rd8+ 54. Ke3 Rh3+ 55. Ke4 Rh4+ 56. Ke5 Rc8 57. Rc1 Rh3 58. Na2
Rxc1 59. Nxc1 Rc3 60. Na2 Rxa3 61. Nb4 Kg7 62. Nc6 Kf7 63. Kd5 Ra1 64. Kc5 Kf6
65. Kb5 Kxf5 66. Nd4+ Ke4 67. Nb3 Ra2 68. Na5 Kd3 69. Nc6 Kc3 70. Na5 Ra1 71.
Nc6 Kd3 72. Nb4+ Ke4 73. Nc2 Rb1+ 74. Nb4 Kd4 75. Ka5 Kc5 76. Nc2 Rb2 77. Ne3
Kd4 78. Nf5+ Kc5 79. Ka4 Rf2 80. Ne7 Kd6 81. Ng6 Rf6 82. Nh8 Ke6 0-1

[Event "White Nights Open 2006"]
[Site "St. Petersburg RUS"]
[Date "2006.06.27"]
[Round "5.31"]
[White "Krasnov, Vasiliy G"]
[Black "Meiling, Yakov"]
[Result "1-0"]
[WhiteElo "2141"]
[BlackElo "1974"]
[PlyCount "93"]
[EventDate "2006.06.22"]
[EventType "swiss"]
[EventRounds "9"]
[EventCountry "RUS"]
[Source "lmi"]
[SourceDate "2006.06.29"]

1. d4 d5 2. Nf3 Nf6 3. Bf4 c5 4. e3 Qb6 5. b3 Nc6 6. h3 Bf5 7. a3 e6 8. Be2
cxd4 9. exd4 Be7 10. O-O O-O 11. Nc3 Rac8 12. Na4 Qa5 13. Bd3 Bxd3 14. Qxd3 Ne4
15. c4 Qa6 16. Rfd1 Bf6 17. Rac1 Be7 18. c5 Qxd3 19. Rxd3 Bd8 20. b4 b5 21.
cxb6 Bxb6 22. Nc5 Ne7 23. Re1 Nf6 24. g4 h6 25. Ne5 Nc6 26. Kg2 Rfd8 27. f3 Re8
28. Rc1 Nxe5 29. Bxe5 Nd7 30. Bf4 Nf6 31. Rdc3 Red8 32. a4 a6 33. Be5 a5 34. b5
Ne8 35. Bf4 Nd6 36. Bxd6 Rxd6 37. Nb7 Rxc3 38. Rxc3 Rd7 39. Rc8+ Kh7 40. Nc5
Rc7 41. Rxc7 Bxc7 42. Nd7 f6 43. b6 Bd6 44. b7 e5 45. b8=Q Bxb8 46. Nxb8 Kg6
47. Nc6 1-0

[Event "White Nights Open 2006"]
[Site "St. Petersburg RUS"]
[Date "2006.06.27"]
[Round "5.34"]
[White "Kuzmin, Yuriy"]
[Black "Kopasov, Alexander"]
[Result "1-0"]
[WhiteElo "2114"]
[BlackElo "1959"]
[PlyCount "87"]
[EventDate "2006.06.22"]
[EventType "swiss"]
[EventRounds "9"]
[EventCountry "RUS"]
[Source "lmi"]
[SourceDate "2006.06.29"]

1. e4 c5 2. Nf3 Nf6 3. e5 Nd5 4. Nc3 Nxc3 5. dxc3 d5 6. exd6 exd6 7. Bc4 Be7 8.
O-O Be6 9. Bd5 Nc6 10. Bf4 O-O 11. Re1 Qd7 12. Qd2 Rad8 13. Rad1 Nd4 14. cxd4
Bxd5 15. dxc5 Bxf3 16. gxf3 d5 17. b4 Rfe8 18. c3 Qh3 19. Re3 h5 20. Rde1 Kf8
21. Qe2 Qd7 22. Be5 f6 23. Bd4 Kf7 24. f4 Bf8 25. Qxh5+ g6 26. Qe2 f5 27. Rxe8
Rxe8 28. Qxe8+ Qxe8 29. Rxe8 Kxe8 30. Kg2 Kd7 31. Kf3 Ke6 32. a4 b5 33. a5 a6
34. Ke3 Bh6 35. Be5 Bf8 36. Bd6 Bh6 37. h3 Kd7 38. Kd4 Ke6 39. Be5 g5 40. c6
gxf4 41. c7 Kd7 42. Kxd5 f3 43. Kc5 Be3+ 44. Bd4 1-0

[Event "White Nights Open 2006"]
[Site "St. Petersburg RUS"]
[Date "2006.06.27"]
[Round "5.35"]
[White "Toporov, Victor"]
[Black "Smirnov, Vladimir G"]
[Result "1/2-1/2"]
[WhiteElo "2112"]
[BlackElo "1766"]
[PlyCount "64"]
[EventDate "2006.06.22"]
[EventType "swiss"]
[EventRounds "9"]
[EventCountry "RUS"]
[Source "lmi"]
[SourceDate "2006.06.29"]

1. e4 c5 2. Nf3 e6 3. d3 Nc6 4. g3 d5 5. Nbd2 Nf6 6. Bg2 Be7 7. O-O dxe4 8.
dxe4 O-O 9. Re1 e5 10. c3 h6 11. Qc2 Be6 12. Bf1 Qc7 13. a4 a6 14. h3 Rab8 15.
Nc4 b5 16. axb5 axb5 17. Ne3 Rfd8 18. Nh4 c4 19. Nhf5 Bf8 20. Ng4 Nd7 21. h4
Nc5 22. Be3 b4 23. Bg2 bxc3 24. bxc3 Nd3 25. Reb1 Rxb1+ 26. Rxb1 Rb8 27. Rxb8
Qxb8 28. Qe2 Qb1+ 29. Kh2 Qe1 30. Qf3 h5 31. Nf6+ gxf6 32. Qxh5 Nxf2 1/2-1/2

[Event "White Nights Open 2006"]
[Site "St. Petersburg RUS"]
[Date "2006.06.27"]
[Round "5.37"]
[White "Bazeev, German"]
[Black "Zefirov, Vadim"]
[Result "1-0"]
[WhiteElo "2182"]
[BlackElo "2086"]
[PlyCount "59"]
[EventDate "2006.06.22"]
[EventType "swiss"]
[EventRounds "9"]
[EventCountry "RUS"]
[Source "lmi"]
[SourceDate "2006.06.29"]

1. e4 c6 2. d4 g6 3. Nc3 Bg7 4. Be3 Nh6 5. f3 d6 6. Qd2 Ng8 7. h4 h5 8. Nh3 e5
9. dxe5 dxe5 10. Qxd8+ Kxd8 11. Ng5 Nh6 12. Bc4 Ke8 13. a4 b6 14. Nb5 Ke7 15.
Nc7 Bb7 16. Nxa8 Bxa8 17. O-O Bb7 18. Bb3 Bc8 19. a5 b5 20. Bxa7 Na6 21. Rad1
f6 22. Nh3 Bxh3 23. gxh3 f5 24. Rd2 Ng8 25. Rfd1 Nf6 26. Rd6 Rc8 27. Re6+ Kf8
28. Rdd6 Nb8 29. Bc5 Na6 30. Rd8+ 1-0

[Event "White Nights Open 2006"]
[Site "St. Petersburg RUS"]
[Date "2006.06.27"]
[Round "5.38"]
[White "Rodkin, Felix"]
[Black "Ryzhkov, Vjacheslav"]
[Result "1-0"]
[WhiteElo "2166"]
[BlackElo "2085"]
[PlyCount "77"]
[EventDate "2006.06.22"]
[EventType "swiss"]
[EventRounds "9"]
[EventCountry "RUS"]
[Source "lmi"]
[SourceDate "2006.06.29"]

1. d4 e6 2. e4 d5 3. Nc3 Bb4 4. exd5 exd5 5. Bd3 Nc6 6. Nge2 Nge7 7. Bg5 f6 8.
Bf4 Bf5 9. O-O g5 10. Bxf5 Nxf5 11. Qd3 Nfe7 12. Bg3 h5 13. f4 h4 14. fxg5 hxg3
15. gxf6 gxh2+ 16. Kh1 Qd7 17. f7+ Kf8 18. Rf6 Qg4 19. Nf4 Nd8 20. Qb5 Kg7 21.
f8=Q+ Rxf8 22. Rxf8 Kxf8 23. Qxb4 Ndc6 24. Qxb7 Qxf4 25. Qxa8+ Kg7 26. Nxd5
Qxd4 27. Nxe7 Nxe7 28. Re1 Nf5 29. Qf3 Qh4 30. Qxf5 Qxe1+ 31. Kxh2 Qb4 32. Qe5+
Kh6 33. Qf6+ Kh7 34. Kh3 Qd2 35. g4 Qe3+ 36. Kh4 Qe1+ 37. Kh5 Qh1+ 38. Kg5 Qc1+
39. Qf4 1-0

[Event "White Nights Open 2006"]
[Site "St. Petersburg RUS"]
[Date "2006.06.27"]
[Round "5.39"]
[White "Nezbailo, Dmitry"]
[Black "Mukhlisov, Vladislav"]
[Result "0-1"]
[WhiteElo "2057"]
[BlackElo "2140"]
[PlyCount "96"]
[EventDate "2006.06.22"]
[EventType "swiss"]
[EventRounds "9"]
[EventCountry "RUS"]
[Source "lmi"]
[SourceDate "2006.06.29"]

1. Nf3 d5 2. d4 Nf6 3. e3 c5 4. c4 cxd4 5. Nxd4 e5 6. Nc2 Nc6 7. cxd5 Qxd5 8.
Qxd5 Nxd5 9. Nc3 Nxc3 10. bxc3 Bf5 11. Na3 a6 12. Bc4 f6 13. Bd5 O-O-O 14. e4
Bg6 15. Nc4 Bc5 16. Be3 Bxe3 17. Nxe3 Ne7 18. f3 Kc7 19. Rb1 Nxd5 20. Nxd5+
Rxd5 21. Ke2 Ra5 22. Rb2 Bf7 23. Ra1 Ra3 24. Kd3 Rd8+ 25. Kc2 b5 26. Rbb1 Bc4
27. Rc1 Rd3 28. Kb2 Ra4 29. a3 Rd2+ 30. Rc2 Rxc2+ 31. Kxc2 Be6 32. Kb2 Rc4 33.
Rd1 Rc6 34. Kc2 a5 35. Rb1 Bc4 36. Re1 Rd6 37. Re3 Kc6 38. g3 a4 39. h4 Bb3+
40. Kc1 Rd1+ 41. Kb2 Rd2+ 42. Kb1 Bc4 43. Kc1 Ra2 44. g4 Rxa3 45. Kb2 Ra2+ 46.
Kb1 Kc5 47. h5 Rh2 48. Kc1 a3 0-1

[Event "White Nights Open 2006"]
[Site "St. Petersburg RUS"]
[Date "2006.06.27"]
[Round "5.40"]
[White "Orlov, Oleg"]
[Black "Sorokina, Anastasia"]
[Result "1-0"]
[WhiteElo "2134"]
[BlackElo "2062"]
[PlyCount "107"]
[EventDate "2006.06.22"]
[EventType "swiss"]
[EventRounds "9"]
[EventCountry "RUS"]
[Source "lmi"]
[SourceDate "2006.06.29"]

1. Nf3 Nf6 2. c4 g6 3. g3 Bg7 4. Bg2 O-O 5. O-O d6 6. Nc3 e5 7. d3 Ne8 8. Ne1
f5 9. f4 c6 10. Qc2 Na6 11. a3 Nf6 12. e3 Nc7 13. Nf3 Qe7 14. Bd2 Kh8 15. Rae1
exf4 16. exf4 Qf7 17. Ng5 Qd7 18. h3 Nh5 19. Kh2 h6 20. Nf3 Bf6 21. d4 g5 22.
fxg5 hxg5 23. Bxg5 Qg7 24. Bxf6 Rxf6 25. Qf2 Rg6 26. Ne2 Be6 27. Nh4 Rg5 28. d5
cxd5 29. Nd4 Bd7 30. Nhxf5 Bxf5 31. Nxf5 Rxf5 32. Qxf5 Nxg3 33. Qf6 Nxf1+ 34.
Rxf1 Qxf6 35. Rxf6 dxc4 36. Rxd6 Rg8 37. Rd7 Rg7 38. Rd8+ Rg8 39. Rxg8+ Kxg8
40. Bxb7 c3 41. bxc3 Nb5 42. Kg3 Kg7 43. Kf4 Kf6 44. Ke3 Nxa3 45. Ba6 Kg5 46.
Bd3 a6 47. Bxa6 Nb1 48. c4 Na3 49. c5 Nc2+ 50. Ke4 Nb4 51. Bb7 Kf6 52. h4 Nc2
53. c6 Na3 54. Ba6 1-0

[Event "White Nights Open 2006"]
[Site "St. Petersburg RUS"]
[Date "2006.06.27"]
[Round "5.41"]
[White "Chernov, Vladimir E"]
[Black "Aseeva, Marina"]
[Result "0-1"]
[WhiteElo "2030"]
[BlackElo "2131"]
[PlyCount "96"]
[EventDate "2006.06.22"]
[EventType "swiss"]
[EventRounds "9"]
[EventCountry "RUS"]
[Source "lmi"]
[SourceDate "2006.06.29"]

1. c4 e5 2. Nc3 Nf6 3. Nf3 Nc6 4. a3 d5 5. cxd5 Nxd5 6. e4 Nxc3 7. bxc3 Bc5 8.
Bb5 Bg4 9. h3 Bh5 10. g4 Bg6 11. Nxe5 O-O 12. Bxc6 bxc6 13. Nxg6 hxg6 14. d4
Bd6 15. e5 Re8 16. Be3 Bf8 17. O-O Qd5 18. c4 Qxc4 19. Qd2 Qd5 20. f4 Rab8 21.
Qg2 Rb3 22. Qxd5 cxd5 23. Kf2 Bxa3 24. Rfb1 Reb8 25. Rxb3 Rxb3 26. Bc1 Bb4 27.
Rxa7 c6 28. Ra8+ Kh7 29. h4 Bc3 30. Ra5 Rb1 31. Be3 Rb7 32. Ra6 c5 33. dxc5 d4
34. Bc1 Rb1 35. Ba3 d3 36. Rd6 Ra1 37. Rxd3 Rxa3 38. Ke3 Bb4 39. Rxa3 Bxc5+ 40.
Ke4 Bxa3 41. f5 gxf5+ 42. Kxf5 Be7 43. g5 g6+ 44. Kg4 Kg7 45. Kf4 Bc5 46. e6
fxe6 47. Ke5 Bf2 48. h5 gxh5 0-1

[Event "White Nights Open 2006"]
[Site "St. Petersburg RUS"]
[Date "2006.06.27"]
[Round "5.42"]
[White "Eltsov, Valery"]
[Black "Rumiantseva, Maria"]
[Result "1-0"]
[WhiteElo "2126"]
[BlackElo "2017"]
[PlyCount "99"]
[EventDate "2006.06.22"]
[EventType "swiss"]
[EventRounds "9"]
[EventCountry "RUS"]
[Source "lmi"]
[SourceDate "2006.06.29"]

1. d4 Nf6 2. c3 e6 3. Bg5 Be7 4. Nd2 d5 5. e3 Nbd7 6. f4 Ne4 7. Bxe7 Qxe7 8.
Ngf3 f5 9. Bd3 O-O 10. O-O c5 11. Ne5 Rf6 12. Ndf3 c4 13. Nxd7 Bxd7 14. Bxe4
fxe4 15. Ne5 Raf8 16. Qe2 Be8 17. Rf2 h5 18. Raf1 Rf5 19. g3 g5 20. g4 hxg4 21.
Qxg4 Qh7 22. fxg5 Rxf2 23. Rxf2 Rxf2 24. Kxf2 Qxh2+ 25. Qg2 Qh7 26. Qg3 Qf5+
27. Qf4 Qxf4+ 28. exf4 Kg7 29. b3 b5 30. Ke2 a5 31. bxc4 bxc4 32. Kf2 Ba4 33.
Kg3 Be8 34. Kg4 Bg6 35. a3 Bf5+ 36. Kg3 Bg6 37. Nc6 a4 38. Nd8 Bf7 39. Kg4 Kg6
40. Nb7 Be8 41. Nc5 Kf7 42. Kg3 Ke7 43. Kh3 Kf7 44. Kh4 Ke7 45. Kg4 Kf7 46. Kg3
Ke7 47. Na6 Kf7 48. Nb4 Kg7 49. f5 exf5 50. Nxd5 1-0

[Event "White Nights Open 2006"]
[Site "St. Petersburg RUS"]
[Date "2006.06.27"]
[Round "5.43"]
[White "Skrenev, Sergey"]
[Black "Kuzmin, Yury"]
[Result "1-0"]
[WhiteElo "2104"]
[BlackElo "2000"]
[PlyCount "101"]
[EventDate "2006.06.22"]
[EventType "swiss"]
[EventRounds "9"]
[EventCountry "RUS"]
[Source "lmi"]
[SourceDate "2006.06.29"]

1. e4 c6 2. d4 d5 3. Nc3 dxe4 4. Nxe4 Bf5 5. Ng3 Bg6 6. Nf3 Nd7 7. Bd3 Bxd3 8.
Qxd3 Qc7 9. O-O e6 10. Re1 Ngf6 11. Nf5 O-O-O 12. Ng3 h6 13. Qe2 g5 14. c4 Bb4
15. Rd1 g4 16. Ne1 Bd6 17. Nd3 c5 18. dxc5 Nxc5 19. Nxc5 Bxc5 20. Rxd8+ Rxd8
21. Bxh6 Rg8 22. Rd1 Qb6 23. b3 Qc7 24. Be3 Bd6 25. Qc2 Nd7 26. Qh7 Nf6 27. Qh6
Be5 28. Bc1 Rd8 29. Rxd8+ Qxd8 30. Qd2 Qxd2 31. Bxd2 Kc7 32. Kf1 Kc6 33. Be3 a6
34. Ke2 Bd6 35. Kd3 b5 36. Ne2 e5 37. f3 gxf3 38. gxf3 e4+ 39. fxe4 Bxh2 40.
Nd4+ Kb7 41. cxb5 axb5 42. Nxb5 Nd7 43. Bd4 Nf8 44. e5 Kc6 45. a4 Nd7 46. Ke4
Bg3 47. Nc3 Bh4 48. b4 Bd8 49. b5+ Kb7 50. Kd5 Bc7 51. Ne4 1-0

[Event "White Nights Open 2006"]
[Site "St. Petersburg RUS"]
[Date "2006.06.27"]
[Round "5.44"]
[White "Zakharov, Yuri"]
[Black "Gugnin, Rostislav"]
[Result "1-0"]
[WhiteElo "1996"]
[BlackElo "2088"]
[PlyCount "73"]
[EventDate "2006.06.22"]
[EventType "swiss"]
[EventRounds "9"]
[EventCountry "RUS"]
[Source "lmi"]
[SourceDate "2006.06.29"]

1. Nf3 Nf6 2. g3 g6 3. Bg2 Bg7 4. d3 d6 5. O-O Nc6 6. Nbd2 O-O 7. e4 e5 8. Re1
Be6 9. c3 Qc8 10. Ng5 Bg4 11. Qc2 h6 12. Ngf3 Bh3 13. Nf1 Kh7 14. Nh4 Ne7 15.
Bh1 g5 16. Ng2 Ng6 17. Nfe3 h5 18. d4 Bh6 19. Nf5 Rg8 20. Nxh6 Kxh6 21. Bxg5+
Kg7 22. dxe5 dxe5 23. Nh4 Nh7 24. Nxg6 Kxg6 25. Bh4 Qe6 26. Bf3 f6 27. Qe2 Bg4
28. Bxg4 hxg4 29. f3 gxf3 30. Qxf3 Rad8 31. Rad1 Qxa2 32. Qf5+ Kg7 33. Rd7+
Rxd7 34. Qxd7+ Qf7 35. Rd1 Nf8 36. Bxf6+ Kg6 37. Qf5+ 1-0

[Event "White Nights Open 2006"]
[Site "St. Petersburg RUS"]
[Date "2006.06.27"]
[Round "5.45"]
[White "Nikologorsky, Matfei"]
[Black "Lysiniuk, Leonid"]
[Result "1-0"]
[WhiteElo "2075"]
[BlackElo "2003"]
[PlyCount "137"]
[EventDate "2006.06.22"]
[EventType "swiss"]
[EventRounds "9"]
[EventCountry "RUS"]
[Source "lmi"]
[SourceDate "2006.06.29"]

1. c4 e5 2. Nc3 Nf6 3. g3 d5 4. cxd5 Nxd5 5. Bg2 Be6 6. Nf3 Nc6 7. O-O Be7 8.
d4 Nxc3 9. bxc3 e4 10. Nd2 f5 11. e3 O-O 12. c4 Nb4 13. Bb2 c6 14. Bc3 Nd3 15.
Rb1 b6 16. f3 f4 17. gxf4 Nxf4 18. exf4 e3 19. Re1 Bd6 20. Rxe3 Bf5 21. Rb2
Bxf4 22. Re1 Qh4 23. Nf1 Rf6 24. d5 Rh6 25. Qd4 Qg5 26. Bd2 Bxd2 27. Rxd2 c5
28. Qe3 Qh4 29. d6 Re6 30. Qxe6+ Bxe6 31. Rxe6 Qxc4 32. f4 Qxe6 33. Bxa8 Qg4+
34. Bg2 Qd7 35. Ne3 b5 36. Ng4 c4 37. Ne5 Qd8 38. d7 c3 39. Re2 Qb6+ 40. Kf1
Qd4 41. Be4 g6 42. Kg2 a5 43. Bc6 Qd1 44. Kg3 Qg1+ 45. Rg2 Qe3+ 46. Nf3 Qb6 47.
Bxb5 Kg7 48. Rc2 h6 49. Rxc3 g5 50. Rc6 gxf4+ 51. Kg4 Qxb5 52. d8=Q Qxc6 53.
Qe7+ Kg8 54. Qf7+ Kh8 55. Ne5 Qg2+ 56. Kf5 Qh3+ 57. Kf6 Qh4+ 58. Ke6 Qh3+ 59.
Ke7 Qa3+ 60. Kf6 Qd6+ 61. Kf5 Qc5 62. Qf6+ Kg8 63. Qf7+ Kh8 64. Kf6 Qd6+ 65.
Qe6 Qd8+ 66. Qe7 Qb6+ 67. Kf7 f3 68. Qe8+ Kh7 69. Qg8# 1-0

[Event "White Nights Open 2006"]
[Site "St. Petersburg RUS"]
[Date "2006.06.27"]
[Round "5.46"]
[White "Manina, Ksenia"]
[Black "Belov, Mikhail"]
[Result "1/2-1/2"]
[WhiteElo "2072"]
[BlackElo "1994"]
[PlyCount "69"]
[EventDate "2006.06.22"]
[EventType "swiss"]
[EventRounds "9"]
[EventCountry "RUS"]
[Source "lmi"]
[SourceDate "2006.06.29"]

1. e4 c6 2. d4 d5 3. exd5 cxd5 4. c4 Nc6 5. Nc3 Nf6 6. Bg5 dxc4 7. d5 Ne5 8.
Qd4 Nd3+ 9. Bxd3 cxd3 10. Nf3 h6 11. Bxf6 exf6 12. O-O Be7 13. Rfe1 O-O 14.
Qxd3 Qd7 15. Rac1 Rd8 16. Nb5 Bb4 17. Re4 Ba5 18. b4 Bb6 19. Rce1 Qf5 20. Nd6
Rxd6 21. Re8+ Kh7 22. Qxf5+ Bxf5 23. Rxa8 Rxd5 24. h3 Be6 25. a4 a6 26. Rc1 h5
27. Kf1 Bd7 28. Rb8 Bxa4 29. Rxb7 Rb5 30. Ra1 Bb3 31. Nd2 Bc2 32. Rd7 Rxb4 33.
Rd5 Rb5 34. Rxb5 axb5 35. Ke2 1/2-1/2

[Event "White Nights Open 2006"]
[Site "St. Petersburg RUS"]
[Date "2006.06.27"]
[Round "5.47"]
[White "Kudriavtsev, Yury"]
[Black "Golovenchits, Boris"]
[Result "0-1"]
[WhiteElo "1982"]
[BlackElo "2064"]
[PlyCount "57"]
[EventDate "2006.06.22"]
[EventType "swiss"]
[EventRounds "9"]
[EventCountry "RUS"]
[Source "lmi"]
[SourceDate "2006.06.29"]

1. e4 g6 2. d4 Bg7 3. Nc3 c6 4. f4 d6 5. Be3 Nf6 6. h3 b5 7. Bd3 O-O 8. Nf3 Bb7
9. Qd2 Nbd7 10. f5 e6 11. e5 b4 12. Ne2 Nd5 13. f6 Bh8 14. Bh6 Re8 15. h4 c5
16. c3 bxc3 17. bxc3 Qc7 18. Bb5 N5b6 19. dxc5 Qxc5 20. Bxd7 Nxd7 21. Be3 Qa3
22. Ned4 Nxe5 23. Nb5 Nxf3+ 24. gxf3 Qa5 25. Nxd6 Bxf3 26. Nxe8 Rxe8 27. Rf1
Bxf6 28. Bd4 Bxh4+ 29. Bf2 0-1